Dictionnaire de la chanson francaise
Salvato in:
| Autore principale: | |
|---|---|
| Natura: | Libro |
| Lingua: | francese |
| Pubblicazione: |
París
Librairie Larousse
1968
|
| Serie: | Les dictionaires de l`homme du XXe siecle
|
| Soggetti: | |
| Tags: |
Aggiungi Tag
Nessun Tag, puoi essere il primo ad aggiungerne!!
|
MARC
| LEADER | 00000nam a2200000 a 4500 | ||
|---|---|---|---|
| 001 | UCY0107 | ||
| 003 | CL-VaPUC | ||
| 008 | 940712e19680000FR |||||||||||||||||fre|d | ||
| 082 | 0 | 4 | |a 780.341 |b VER |2 21 |
| 100 | 0 | |a Vernillat, France |e author |9 327710 | |
| 245 | 1 | 0 | |a Dictionnaire de la chanson francaise |
| 300 | |a 256 p | ||
| 942 | |c BK | ||
| 945 | |d 19940712 00:00:00 |a oaravena | ||
| 260 | |a París |b Librairie Larousse |c 1968 | ||
| 650 | 0 | |a Música |9 306770 | |
| 583 | |a last modification |c 19940712 00:00:00 |k Rodrigo Vera | ||
| 490 | 0 | |a Les dictionaires de l`homme du XXe siecle | |
| 999 | |c 229192 |d 229190 | ||
| 952 | |0 0 |1 0 |2 ddc |4 0 |6 780_341000000000000_VER_1968 |7 0 |8 A |9 229972 |a BIBART |b BIBART |d 2019-11-15 |i 2991004 |o 780.341 VER 1968 |p 2991004 |r 2023-01-11 |w 2019-11-15 |y BK |k ART | ||